| 000 | 00828 a2200229 4500 | ||
|---|---|---|---|
| 999 |
_c9418 _d9418 |
||
| 020 | _a9781485126102 | ||
| 050 | 0 | 0 | _aTD 171.5 KIN 2017 |
| 245 | 0 | 0 |
_aEnvironmental management in South Africa / _cedited by ND King, HA Strydom and FP Retief. |
| 250 | _aThird edition. | ||
| 264 | 1 |
_aCape Town : _bJuta, _c2018. |
|
| 300 |
_axliv, 1387 pages : _billustrations (some colour), maps ; |
||
| 500 | _a"1st edition edited by R.F. Fuggle, M.A. Rabie." | ||
| 504 | _aIncludes bibliographical references and index. | ||
| 650 | 0 | _aEnvironmental management | |
| 650 | 0 | _aEnvironmental protection | |
| 650 | 0 | _aEnvironmental policy | |
| 650 | 0 | _aEnvironmental law | |
| 700 | 1 |
_aStrydom, H. A. _q(Hendrik Andries) |
|
| 700 | 1 | _aKing, N. D. | |
| 700 | 1 |
_aRetief, F. P. _q(Francois Pieter), _d1932- |
|
| 942 |
_2lcc _cBK _e3rd _h171.5 _iKIN _kTD |
||